• 首页
  • 本馆介绍
  • 公告通知
  • 最新文献
  • 馆藏检索
  • 电子资源
  • 读者导购
  • 参考咨询
  • 我的图书馆
  • 登录
  • 详细信息显示
  • 放入我的书架
  • 预约/预借图书
  • 作者相关作品
  • 分类相关作品
  • 丛书相关作品
  • 出版社相关作品

书目信息

  • 表格格式
  • 工作单格式
  • 卡片格式
题名:
中国现代话剧古代女性形象之婚恋研究
    
 
作者: 黄莹, 著
分册:  
出版信息: 长春   吉林大学出版社  2019.07
页数: 252页
开本: 21cm
丛书名:
单 册:
中图分类: I207.34 , D691.91
科图分类:
主题词: 话剧--hua ju--女性--人物形象--戏剧文学评论--中国--现代 , 女性--nv xing--婚姻问题--研究--中国--古代
电子资源:
ISBN: 978-7-5692-5042-8
000 01308nam0 2200289 450
001 CAL 0120192847236
005 20230217093111.0
010    @a978-7-5692-5042-8@dCNY59.80
100    @a20190909d2019 em y0chiy0120 ea
101 0  @achi
102    @aCN@b220000
105    @ay a 000yy
106    @ar
200 1  @a中国现代话剧古代女性形象之婚恋研究@Azhong guo xian dai hua ju gu dai nv xing xing xiang zhi hun lian yan jiu@f黄莹著
210    @a长春@c吉林大学出版社@d2019.07
215    @a252页@d21cm
300    @a本书获长沙理工大学出版资助
314    @a黄莹, 1982年生, 湖南益阳人, 现任长沙理工大学文法学院中文系讲师。
320    @a有书目
330    @a本书的研究对象为与中国现代话剧中古代女性婚姻恋爱的相关问题, 主要涉及以卓文君、西施、花木兰这三个古代女性形象为主角的三组现代话剧作品。通过分析这三个具有代表性的女性人物形象, 总结了她们从古代文学 (戏剧) 到现代话剧的流变特征 ; 通过考察现代剧作家对人物婚姻选择与归宿的处理, 从婚恋的角度呈现中国传统伦理秩序与现代思想文化观念之间缠绕交织的冲突与共生状态。
606 0  @a话剧@Ahua ju@x女性@x人物形象@x戏剧文学评论@y中国@z现代
606 0  @a女性@Anv xing@x婚姻问题@x研究@y中国@z古代
690    @aI207.34@v5
690    @aD691.91@v5
701  0 @a黄莹,@Ahuang ying@f1982-@4著
801  0 @aCN@bBJXHZP@c20230228
905    @b1383367-70@dI207.34@e561@f4
    
    中国现代话剧古代女性形象之婚恋研究/黄莹著.-长春:吉林大学出版社,2019.07
    252页;21cm
    本书获长沙理工大学出版资助
    
    ISBN 978-7-5692-5042-8:CNY59.80
    本书的研究对象为与中国现代话剧中古代女性婚姻恋爱的相关问题, 主要涉及以卓文君、西施、花木兰这三个古代女性形象为主角的三组现代话剧作品。通过分析这三个具有代表性的女性人物形象, 总结了她们从古代文学 (戏剧) 到现代话剧的流变特征 ; 通过考察现代剧作家对人物婚姻选择与归宿的处理, 从婚恋的角度呈现中国传统伦理秩序与现代思想文化观念之间缠绕交织的冲突与共生状态。
●
相关链接 在E读中查询图书 在五车中查询图书 在当当中查询图书 在豆瓣中查询图书


正题名:中国现代话剧古代女性形象之婚恋研究     索取号:I207.34/561         预约/预借

序号 登录号 条形码 馆藏地/架位号 状态 备注
1 1383367   213833672   第一样本阅览室/ [索取号:I207.34/561] 在馆    
2 1383368   213833681   第二借阅区/ [索取号:I207.34/561] 在馆    
3 1383369   213833690   第二借阅区/ [索取号:I207.34/561] 在馆    
4 1383370   213833707   第二借阅区/ [索取号:I207.34/561] 在馆    
唐山师范学院图书馆 欢迎您!
大连网信软件有限公司© 版权所有